000 00334nam a2200133Ia 4500
005 20251222143159.0
008 251222s9999||||xx |||||||||||||| ||spa||
020 _a84-376-1732-4
082 _a320.12/L88
100 _aLópez Trigal, Lorenzo
245 0 _aGeografía política
264 _bFondo de Cultura Económica
942 _cLIB
999 _c13003
_d13003